[Event "4NCL Division 2c"]
[Site "Telford, ENG"]
[Date "2017.05.01"]
[Round "11.15"]
[White "Minnican, Alan"]
[Black "Bullen, Alex"]
[Result "1/2-1/2"]
[WhiteElo "2106"]
[BlackElo "2105"]
[PlyCount "133"]
[EventDate "2017.05.01"]
[WhiteTeam "Alba"]
[BlackTeam "West is Best 1"]

1. d4 d5 2. Bf4 Nf6 3. e3 c5 4. c3 Nc6 5. Nd2 Bf5 6. Qb3 Qd7 7. Ngf3 e6 8. Bb5
Bd6 9. Ne5 Qc7 10. Ndf3 c4 11. Qa4 O-O 12. Bxc6 bxc6 13. Qxc6 Qxc6 14. Nxc6
Bxf4 15. exf4 Rfe8 16. Nh4 Be4 17. f3 Bc2 18. Kd2 Ba4 19. Nb4 a5 20. Nc2 Reb8
21. Rab1 Rb6 22. Rhe1 Rab8 23. Kc1 Nh5 24. g3 g6 25. Ne3 Bd7 26. Nhg2 f5 27.
Re2 Kf7 28. Ne1 Ba4 29. Nf1 Bd7 30. Nd2 a4 31. Nc2 R8b7 32. Nf1 Rc7 33. a3 Bc8
34. Nb4 Bb7 35. Kd2 Rd6 36. Ke3 Rc8 37. Kf2 Rg8 38. Rbe1 Rc8 39. Ne3 Rcd8 40.
Ng2 Rg8 41. h3 Rb6 42. g4 Ng7 43. Kg3 Kf6 44. Re5 Rd6 45. Kf2 Rb6 46. Ne3 Rd6
47. Nf1 Kf7 48. Ng3 Kf6 49. R5e2 Rb6 50. Ke3 Rd6 51. Kd2 Kf7 52. Rg1 Rdd8 53.
Reg2 Rde8 54. Nc2 Bc6 55. Ne3 Rb8 56. Nd1 Bd7 57. Kc1 Bc6 58. Ne3 Rbd8 59. Nd1
Rb8 60. Nf2 Bd7 61. h4 Rbf8 62. Nh3 Ke7 63. Kd2 Be8 64. Ke3 Kd6 65. Kd2 Rh8 66.
Re2 Bd7 67. Rge1 1/2-1/2

[Event "4NCL Division 2c"]
[Site "Telford, ENG"]
[Date "2017.05.01"]
[Round "11.16"]
[White "Littlejohns, David P"]
[Black "Findlay, David John"]
[Result "1/2-1/2"]
[WhiteElo "1999"]
[BlackElo "2183"]
[PlyCount "30"]
[EventDate "2017.05.01"]
[WhiteTeam "West is Best 1"]
[BlackTeam "Alba"]

1. e4 e5 2. Nf3 d6 3. d4 exd4 4. Nxd4 g6 5. Nd2 Bg7 6. c3 Bd7 7. Bd3 Nc6 8.
Nxc6 Bxc6 9. Nb3 Nf6 10. O-O O-O 11. Bg5 h6 12. Bxf6 Qxf6 13. Nd4 d5 14. Nxc6
Qxc6 15. exd5 Qxd5 1/2-1/2

[Event "4NCL Division 2c"]
[Site "Telford, ENG"]
[Date "2017.05.01"]
[Round "11.17"]
[White "White, Stuart A"]
[Black "Hadi, Justin"]
[Result "1/2-1/2"]
[WhiteElo "2064"]
[BlackElo "2022"]
[PlyCount "102"]
[EventDate "2017.05.01"]
[WhiteTeam "Alba"]
[BlackTeam "West is Best 1"]

1. c4 f5 2. Nc3 Nf6 3. g3 g6 4. Bg2 Bg7 5. d3 d6 6. e3 O-O 7. Nge2 a5 8. O-O e5
9. Rb1 Na6 10. a3 c6 11. b4 axb4 12. axb4 Nc7 13. Na4 Ne6 14. c5 d5 15. Nb6 Ra7
16. Bb2 Nd7 17. Nxd7 Bxd7 18. f4 exf4 19. Bxg7 Kxg7 20. Nxf4 Ra8 21. Qc2 Nxf4
22. exf4 Qf6 23. Rfe1 Qd4+ 24. Qf2 Qxf2+ 25. Kxf2 Ra2+ 26. Re2 Rfa8 27. Rbb2
Rxb2 28. Rxb2 Kf7 29. Ke3 Ke7 30. Kd4 Ra1 31. Re2+ Be6 32. Rb2 Bd7 33. Kc3 Ra3+
34. Kc2 Ra1 35. Kb3 Ra8 36. b5 Ra5 37. Kc3 Ra3+ 38. Rb3 Rxb3+ 39. Kxb3 Be8 40.
Kb4 Kd7 41. Kc3 Bf7 42. b6 Ke7 43. Kd4 Kf6 44. Bf3 Be6 45. Bd1 Bd7 46. Ba4 Ke6
47. Bb3 Be8 48. h3 h5 49. Bd1 Bd7 50. g4 h4 51. Ke3 Kf6 1/2-1/2

[Event "4NCL Division 2c"]
[Site "Telford, ENG"]
[Date "2017.05.01"]
[Round "11.18"]
[White "Howell, Oliver W"]
[Black "Bamber, Elaine"]
[Result "0-1"]
[WhiteElo "1712"]
[BlackElo "2103"]
[PlyCount "58"]
[EventDate "2017.05.01"]
[WhiteTeam "West is Best 1"]
[BlackTeam "Alba"]

1. e4 d5 2. exd5 Qxd5 3. Nc3 Qa5 4. d4 Nf6 5. Nf3 c6 6. Bd3 Bg4 7. O-O e6 8.
Re1 Bd6 9. Ne4 Nxe4 10. Rxe4 Qh5 11. Bf4 Bxf3 12. Qxf3 Qxf3 13. gxf3 Bxf4 14.
Rxf4 Nd7 15. Rd1 Nf6 16. Rh4 O-O-O 17. c3 Rd6 18. Kf1 Kc7 19. f4 g6 20. Rh3 h5
21. Be2 Nd5 22. Rf3 Rhd8 23. Bc4 Nb6 24. Bb3 c5 25. c4 Rxd4 26. Rxd4 Rxd4 27.
Rc3 Rxf4 28. f3 Rd4 29. Ke2 Rh4 0-1

[Event "4NCL Division 2c"]
[Site "Telford, ENG"]
[Date "2017.05.01"]
[Round "11.21"]
[White "Lund, D Brett"]
[Black "Graham, David B"]
[Result "1/2-1/2"]
[WhiteElo "2286"]
[BlackElo "2182"]
[PlyCount "75"]
[EventDate "2017.05.01"]
[WhiteTeam "Spirit of Atticus A"]
[BlackTeam "Sussex Martlets 1"]

1. c4 g6 2. g3 Bg7 3. Bg2 d6 4. Nc3 c5 5. a3 Nc6 6. Rb1 a5 7. Nf3 Nf6 8. O-O
O-O 9. d3 Bd7 10. Bg5 h6 11. Bd2 Kh7 12. Ne1 Qc8 13. Nc2 Bh3 14. b4 Bxg2 15.
Kxg2 axb4 16. axb4 b6 17. e4 Nd7 18. Qe2 Nd4 19. Nxd4 Bxd4 20. f4 Ra3 21. Nb5
Ra2 22. Nxd4 cxd4 23. Rf2 Qa8 24. Kh3 Nf6 25. e5 dxe5 26. fxe5 Qc8+ 27. e6 fxe6
28. Rbf1 e5+ 29. Kg2 Qe6 30. Re1 Re8 31. h3 e4 32. dxe4 Rc2 33. e5 Nh5 34. Rc1
Rxc1 35. Bxc1 Ng7 36. g4 Rc8 37. Qd2 Qxc4 38. Qxh6+ 1/2-1/2

[Event "4NCL Division 2c"]
[Site "Telford, ENG"]
[Date "2017.05.01"]
[Round "11.23"]
[White "Mitchell, Martin"]
[Black "Bucher, Grant W"]
[Result "0-1"]
[WhiteElo "2220"]
[BlackElo "2121"]
[PlyCount "122"]
[EventDate "2017.05.01"]
[WhiteTeam "Spirit of Atticus A"]
[BlackTeam "Sussex Martlets 1"]

1. d4 Nf6 2. c4 g6 3. Nc3 d5 4. Bf4 Bg7 5. e3 c5 6. dxc5 Qa5 7. Rc1 dxc4 8.
Bxc4 O-O 9. Nf3 Qxc5 10. Bb3 Nc6 11. O-O Qh5 12. Ng5 e5 13. Qxh5 Nxh5 14. Bg3
h6 15. Nxf7 Rxf7 16. Rfd1 Nxg3 17. hxg3 Kf8 18. Bxf7 Kxf7 19. Ne4 Bf8 20. Nc5
Bxc5 21. Rxc5 Be6 22. b4 Kf6 23. a3 Rd8 24. Rxd8 Nxd8 25. Rc7 e4 26. f3 Ke5 27.
Kf2 Kd6 28. Rc1 Nf7 29. g4 Ne5 30. Rh1 Bd5 31. Rxh6 exf3 32. gxf3 Bxf3 33. Rh7
Bd5 34. Kg3 Ke6 35. Rh8 Kf6 36. Rd8 Bc6 37. Kf4 g5+ 38. Kg3 Nc4 39. Rd3 Ke5 40.
Kf2 Bd5 41. Ke2 Nd6 42. Rc3 Nb5 43. Rc5 Nxa3 44. Ra5 Nc4 45. Rxa7 Ke4 46. Ra8
Be6 47. Re8 Kd5 48. Kf2 Nd6 49. Rd8 Bxg4 50. e4+ Ke5 51. Ke3 Nxe4 52. Rb8 Nd6
53. Kf2 Kf4 54. Rd8 Nf5 55. Rc8 Bf3 56. b5 g4 57. Rf8 g3+ 58. Kg1 Be4 59. Rc8
Nd4 60. Rg8 Ne2+ 61. Kf1 Ke3 0-1

[Event "4NCL Division 2c"]
[Site "Telford, ENG"]
[Date "2017.05.01"]
[Round "11.25"]
[White "Ivell, Nicholas W"]
[Black "Willson, Ollie"]
[Result "1-0"]
[WhiteElo "2202"]
[BlackElo "2038"]
[PlyCount "69"]
[EventDate "2017.05.01"]
[WhiteTeam "Spirit of Atticus A"]
[BlackTeam "Sussex Martlets 1"]

1. e4 c5 2. Nc3 Nc6 3. g3 g6 4. Bg2 Bg7 5. d3 e6 6. f4 Nge7 7. Nf3 O-O 8. O-O
d6 9. Bd2 Nd4 10. Rb1 Nec6 11. Ne2 Nxf3+ 12. Rxf3 Bd7 13. a3 Rc8 14. Rf1 b5 15.
Be3 Nd4 16. c3 Nxe2+ 17. Qxe2 Qc7 18. Rbc1 c4 19. d4 f5 20. exf5 gxf5 21. d5 e5
22. fxe5 dxe5 23. Rcd1 Rf6 24. Qh5 Rcf8 25. Bg5 Qc5+ 26. Kh1 R6f7 27. d6 Bc6
28. Be7 Bxg2+ 29. Kxg2 Qc6+ 30. Qf3 e4 31. Qe3 Be5 32. Bxf8 Kxf8 33. d7 Rxd7
34. Rxf5+ Rf7 35. Rxe5 1-0

[Event "4NCL Division 2c"]
[Site "Telford, ENG"]
[Date "2017.05.01"]
[Round "11.26"]
[White "Norinkeviciute, Rasa"]
[Black "Jackson, Sheila"]
[Result "0-1"]
[WhiteElo "2005"]
[BlackElo "2134"]
[PlyCount "112"]
[EventDate "2017.05.01"]
[WhiteTeam "Sussex Martlets 1"]
[BlackTeam "Spirit of Atticus A"]

1. c4 c6 2. Nf3 Nf6 3. b3 d5 4. e3 g6 5. Bb2 Bg7 6. Be2 O-O 7. O-O Nbd7 8. Qc2
a6 9. a4 Re8 10. Ne5 Nxe5 11. Bxe5 Bf5 12. d3 Ng4 13. Bxg7 Kxg7 14. e4 Qd6 15.
g3 dxe4 16. dxe4 Be6 17. Nc3 Rad8 18. Rad1 Qe5 19. Bxg4 Bxg4 20. f3 Bh3 21.
Rfe1 h5 22. Nb1 f6 23. f4 Qc5+ 24. Qf2 Qb4 25. Qe3 Bg4 26. Rd2 e5 27. fxe5 fxe5
28. Rf2 Qxe1+ 29. Qxe1 Rd1 30. Qxd1 Bxd1 31. Rb2 Rd8 32. Nc3 Bg4 33. Kf2 Rd3
34. Rc2 a5 35. Kg2 Kf6 36. h3 Be6 37. Rf2+ Ke7 38. Rc2 Kd6 39. c5+ Kxc5 40.
Nd5+ Kd6 41. Nf6 Ke7 42. Nh7 Rxb3 43. Rc5 Kd6 44. Rxa5 Rb2+ 45. Kf3 Bxh3 46.
Nf8 Bg2+ 47. Ke3 Rb3+ 48. Kf2 Bxe4 49. Nh7 Rf3+ 50. Ke2 Rxg3 51. Nf6 Bd3+ 52.
Kf2 h4 53. Ne8+ Ke6 54. Ra7 e4 55. Ng7+ Ke5 56. Ra5+ b5 0-1

[Event "4NCL Division 2c"]
[Site "Telford, ENG"]
[Date "2017.05.01"]
[Round "11.27"]
[White "Latham, David"]
[Black "Tebbs, Howard L"]
[Result "1-0"]
[WhiteElo "2102"]
[BlackElo "2063"]
[PlyCount "81"]
[EventDate "2017.05.01"]
[WhiteTeam "Spirit of Atticus A"]
[BlackTeam "Sussex Martlets 1"]

1. d4 f5 2. c4 Nf6 3. Nc3 e6 4. g3 c6 5. Bg2 d5 6. Nf3 Bd6 7. cxd5 exd5 8. O-O
O-O 9. Qc2 Ne4 10. Ne1 Nd7 11. Nd3 Qe7 12. Bf4 Ndf6 13. f3 Nxc3 14. Qxc3 Bd7
15. Bxd6 Qxd6 16. e3 Rae8 17. Rae1 g5 18. b4 a6 19. a4 Re7 20. Qc5 Ne8 21. f4
h6 22. Ne5 Kg7 23. Rb1 Re6 24. Rfc1 Nf6 25. b5 cxb5 26. Qxd6 Rxd6 27. Rc7 Rc8
28. Rxc8 Bxc8 29. axb5 axb5 30. Rxb5 b6 31. Rb1 Be6 32. Ra1 Ne4 33. Ra7+ Kg8
34. Bf1 g4 35. Rb7 Nd2 36. Bb5 Nc4 37. Kf2 Na5 38. Re7 Kh8 39. Rc7 Rd8 40. Ke2
Rc8 41. Ng6+ 1-0

[Event "4NCL Division 2c"]
[Site "Telford, ENG"]
[Date "2017.05.01"]
[Round "11.28"]
[White "Graham, Cassie M"]
[Black "Bimpson, Tom"]
[Result "1/2-1/2"]
[WhiteElo "1874"]
[BlackElo "2060"]
[PlyCount "130"]
[EventDate "2017.05.01"]
[WhiteTeam "Sussex Martlets 1"]
[BlackTeam "Spirit of Atticus A"]

1. e4 d6 2. d4 Nf6 3. Nc3 Nbd7 4. Nf3 e5 5. Be2 Be7 6. O-O c6 7. a4 h6 8. a5
Qc7 9. Be3 Ng4 10. Bc1 Nf8 11. dxe5 dxe5 12. Ne1 Nf6 13. f4 Ne6 14. f5 Nc5 15.
Bf3 Bd7 16. Qe2 O-O 17. Kh1 b5 18. Rg1 b4 19. Nd1 b3 20. c3 Bc8 21. g4 Ba6 22.
Qg2 Nh7 23. Nf2 Rad8 24. Qg3 Bg5 25. Bxg5 hxg5 26. Bg2 f6 27. Qe3 Qe7 28. Bf1
Bxf1 29. Rxf1 Rd7 30. Ned3 Na6 31. Qe2 Nc5 32. Nb4 Rc8 33. Qc4+ Kh8 34. Rad1
Nf8 35. Rxd7 Nfxd7 36. Rg1 g6 37. Rg3 Kg7 38. Nfd3 gxf5 39. gxf5 Qd6 40. h4 Rh8
41. Rg4 Rxh4+ 42. Rxh4 gxh4 43. Kh2 Nxd3 44. Nxd3 Kh8 45. Kh3 Qf8 46. Nf2 Qc5
47. Qxc5 Nxc5 48. Kxh4 Nb7 49. a6 Nc5 50. Kg3 Kg7 51. Kf3 Kf7 52. Ke3 Ke7 53.
Kf3 Nxa6 54. Nd3 Kd6 55. Ke3 Nc5 56. Nf2 a5 57. Kd2 Na4 58. Nd3 Nb6 59. c4 Na4
60. Kc1 c5 61. Kd2 Kc6 62. Nf2 Nxb2 63. Kc3 Nxc4 64. Kxb3 Nd2+ 65. Kc3 Nf3
1/2-1/2

[Event "4NCL Division 2c"]
[Site "Telford, ENG"]
[Date "2017.05.01"]
[Round "11.31"]
[White "Bisby, Daniel L"]
[Black "Birtwistle, Nigel"]
[Result "1-0"]
[WhiteElo "2293"]
[BlackElo "2163"]
[PlyCount "63"]
[EventDate "2017.05.01"]
[WhiteTeam "Cambridge University 1"]
[BlackTeam "Grantham Sharks 2"]

1. e4 c5 2. Nf3 g6 3. c4 Bg7 4. d4 cxd4 5. Nxd4 Qb6 6. Nb3 Nc6 7. Nc3 Bxc3+ 8.
bxc3 Nf6 9. Bd3 Qc7 10. Bh6 Qe5 11. O-O Qh5 12. Qd2 Rg8 13. Bg5 Ne5 14. f4 Nxd3
15. Qxd3 Ng4 16. h3 Ne5 17. fxe5 Qxg5 18. Qd5 Rf8 19. Rf3 e6 20. Qb5 a6 21. Qc5
Qe7 22. Qb6 Qd8 23. Qf2 b5 24. Rf1 Qe7 25. Qb6 Qd8 26. Qf2 Qe7 27. Na5 h5 28.
Kh1 g5 29. Rf6 g4 30. h4 g3 31. Qxg3 Qd8 32. Rxf7 1-0

[Event "4NCL Division 2c"]
[Site "Telford, ENG"]
[Date "2017.05.01"]
[Round "11.32"]
[White "Cumbers, Paul"]
[Black "Kalavannan, Koby"]
[Result "1-0"]
[WhiteElo "2165"]
[BlackElo "2168"]
[PlyCount "107"]
[EventDate "2017.05.01"]
[WhiteTeam "Grantham Sharks 2"]
[BlackTeam "Cambridge University 1"]

1. d4 Nf6 2. c4 g6 3. f3 Bg7 4. e4 d6 5. Nc3 O-O 6. Be3 a6 7. Qd2 Nc6 8. Nge2
Na5 9. Nc1 Nd7 10. Be2 c5 11. dxc5 dxc5 12. Nb3 Nxb3 13. axb3 e6 14. h4 b6 15.
Rd1 Qc7 16. h5 Ne5 17. Qd6 Ra7 18. Na4 Nd7 19. hxg6 hxg6 20. f4 Qxd6 21. Rxd6
Rc7 22. e5 g5 23. g3 Bb7 24. Rh5 gxf4 25. gxf4 Bc6 26. Nc3 Re8 27. Kf2 f6 28.
exf6 Nxf6 29. Rg5 Kf8 30. Bf3 Bxf3 31. Kxf3 Nd7 32. Ne4 Bxb2 33. Rg6 Kf7 34.
Rgxe6 Rxe6 35. Ng5+ Ke7 36. Rxe6+ Kd8 37. Ke4 Kc8 38. Kf5 Kb7 39. Ne4 Rc6 40.
Rxc6 Kxc6 41. Ke6 b5 42. Bd2 bxc4 43. bxc4 Nf8+ 44. Ke7 Nd7 45. Ba5 Nb6 46. Nd6
Nd7 47. Nf7 Nb6 48. Nd8+ Kc7 49. f5 Bc3 50. Bxc3 Nc8+ 51. Ke6 Kxd8 52. f6 Nb6
53. Ba5 Kc8 54. Bxb6 1-0

[Event "4NCL Division 2c"]
[Site "Telford, ENG"]
[Date "2017.05.01"]
[Round "11.33"]
[White "Hill, Alistair"]
[Black "Varnam, Liam D"]
[Result "1/2-1/2"]
[WhiteElo "2209"]
[BlackElo "2098"]
[PlyCount "63"]
[EventDate "2017.05.01"]
[WhiteTeam "Cambridge University 1"]
[BlackTeam "Grantham Sharks 2"]

1. Nf3 c5 2. e4 Nc6 3. Bb5 g6 4. Bxc6 dxc6 5. d3 Bg7 6. O-O e5 7. a4 a5 8. Na3
Ne7 9. Be3 b6 10. Qd2 O-O 11. Bh6 f6 12. h3 g5 13. Bxg7 Kxg7 14. Nc4 Ng6 15.
Ne3 Nf4 16. Kh2 Be6 17. Ng1 Qd7 18. b3 h5 19. Ne2 h4 20. Rg1 Kf7 21. Nc4 Rab8
22. Rgd1 Rg8 23. Nxf4 gxf4 24. Qe2 Rg5 25. Qf3 Ke7 26. c3 Bf7 27. Qe2 Bh5 28.
f3 Rg3 29. Rf1 Bf7 30. Rf2 Be6 31. Qf1 Qd8 32. Rd2 1/2-1/2

[Event "4NCL Division 2c"]
[Site "Telford, ENG"]
[Date "2017.05.01"]
[Round "11.34"]
[White "Murphy, Hugh W"]
[Black "Bukojemski, Adam"]
[Result "1-0"]
[WhiteElo "2099"]
[BlackElo "2209"]
[PlyCount "67"]
[EventDate "2017.05.01"]
[WhiteTeam "Grantham Sharks 2"]
[BlackTeam "Cambridge University 1"]

1. e4 c5 2. b3 Nf6 3. e5 Nd5 4. Bb2 g6 5. Qf3 Nb4 6. Bc4 e6 7. Na3 Bg7 8. h4
N8c6 9. Qg3 d6 10. Nf3 a6 11. h5 b5 12. h6 Bxe5 13. Bxe5 dxe5 14. Nxe5 Nxe5 15.
Qxe5 Qd4 16. Qxd4 cxd4 17. Be2 Bb7 18. c3 Nc6 19. Bf3 dxc3 20. dxc3 O-O-O 21.
c4 Nd4 22. Bxb7+ Kxb7 23. O-O-O Rd7 24. cxb5 axb5 25. Nxb5 Rc8+ 26. Kb1 e5 27.
Rhe1 Rc5 28. Nxd4 exd4 29. Re4 d3 30. Rd2 f5 31. Re3 Rcd5 32. Re8 Kb6 33. Kb2
f4 34. Rg8 1-0

[Event "4NCL Division 2c"]
[Site "Telford, ENG"]
[Date "2017.05.01"]
[Round "11.35"]
[White "Beckett, Chris J"]
[Black "Kafka, Graeme"]
[Result "1/2-1/2"]
[WhiteElo "2152"]
[BlackElo "2055"]
[PlyCount "31"]
[EventDate "2017.05.01"]
[WhiteTeam "Cambridge University 1"]
[BlackTeam "Grantham Sharks 2"]

1. d4 d5 2. c4 c6 3. Nf3 Nf6 4. Nbd2 Nbd7 5. g3 g6 6. Bg2 Bg7 7. O-O O-O 8. Qb3
Qb6 9. Qa3 Re8 10. e3 e6 11. Rd1 Bf8 12. Qc3 Qb4 13. Qc2 e5 14. a3 Qe7 15. cxd5
cxd5 16. Qb3 1/2-1/2

[Event "4NCL Division 2c"]
[Site "Telford, ENG"]
[Date "2017.05.01"]
[Round "11.36"]
[White "Batchelor, Guy J"]
[Black "Lee, Richard W Y"]
[Result "1/2-1/2"]
[WhiteElo "1939"]
[BlackElo "2147"]
[PlyCount "95"]
[EventDate "2017.05.01"]
[WhiteTeam "Grantham Sharks 2"]
[BlackTeam "Cambridge University 1"]

1. e4 c5 2. Nc3 a6 3. g3 b5 4. Bg2 Bb7 5. d3 e6 6. Nge2 Nf6 7. O-O d5 8. exd5
Nxd5 9. Nxd5 Bxd5 10. f3 Be7 11. Nc3 Bc6 12. Be3 O-O 13. Ne4 Nd7 14. f4 Qc7 15.
Qe2 Rae8 16. Qf2 f5 17. Nd2 e5 18. Nf3 e4 19. dxe4 Bxe4 20. Rfe1 Bf6 21. c3 Qc6
22. Rad1 Re7 23. Ng5 Bxg5 24. fxg5 Rfe8 25. Bf4 Ne5 26. Bxe5 Rxe5 27. Qf4 Qe6
28. Bxe4 fxe4 29. Qe3 Qxa2 30. Rd2 Rd5 31. Red1 Rxd2 32. Rxd2 Qc4 33. Rf2 a5
34. h4 b4 35. Rf5 Qd3 36. Qxc5 e3 37. Qc6 Qe4 38. Qd7 Qe6 39. Qxe6+ Rxe6 40.
Kf1 bxc3 41. Rxa5 cxb2 42. Rb5 Kf7 43. Ke2 Kg6 44. Rxb2 h6 45. gxh6 gxh6 46. g4
h5 47. gxh5+ Kxh5 48. Rb3 1/2-1/2

[Event "4NCL Division 2c"]
[Site "Telford, ENG"]
[Date "2017.05.01"]
[Round "11.37"]
[White "Spencer, Carl J"]
[Black "David, Ivan"]
[Result "1-0"]
[WhiteElo "2136"]
[BlackElo "1891"]
[PlyCount "95"]
[EventDate "2017.05.01"]
[WhiteTeam "Cambridge University 1"]
[BlackTeam "Grantham Sharks 2"]

1. d4 d6 2. Nf3 c6 3. c4 Nd7 4. e4 e5 5. Nc3 Ngf6 6. Be2 Be7 7. O-O a5 8. Qc2
O-O 9. h3 Ne8 10. Be3 Qc7 11. a3 g6 12. d5 c5 13. Bh6 Ng7 14. Ng5 Qd8 15. Qd2
Bxg5 16. Bxg5 f6 17. Bh6 Rf7 18. Nb5 Nf8 19. f4 Ra6 20. Rf2 Ne8 21. Raf1 Nd7
22. f5 Nf8 23. Bxf8 Rxf8 24. fxg6 f5 25. Qh6 Qe7 26. exf5 Nf6 27. gxh7+ Qxh7
28. Qxh7+ Kxh7 29. Bd3 Bd7 30. Nc7 Rb6 31. Ne6 Rg8 32. Kh2 Rb3 33. Be2 Rbg3 34.
Bd1 Kh6 35. Re1 b5 36. Bg4 Rb3 37. Bd1 Rbg3 38. Bg4 Rb3 39. Bd1 Rbg3 40. b3
bxc4 41. bxc4 Rxa3 42. g4 Bxe6 43. fxe6 Ne8 44. h4 Rc3 45. g5+ Kg7 46. Bc2 a4
47. h5 Rf8 48. h6+ 1-0

[Event "4NCL Division 2c"]
[Site "Telford, ENG"]
[Date "2017.05.01"]
[Round "11.38"]
[White "Summerscale, Claire E"]
[Black "Churm, Rohan M"]
[Result "0-1"]
[WhiteElo "1876"]
[BlackElo "2141"]
[PlyCount "32"]
[EventDate "2017.05.01"]
[WhiteTeam "Grantham Sharks 2"]
[BlackTeam "Cambridge University 1"]

1. d4 d5 2. Nc3 Nf6 3. Bg5 Nbd7 4. f3 c6 5. e4 dxe4 6. fxe4 e5 7. dxe5 Qa5 8.
Bxf6 gxf6 9. a3 Nxe5 10. h3 Be6 11. Nf3 Bh6 12. Nxe5 Qxe5 13. Qf3 Rg8 14. g4
O-O-O 15. Bd3 Bg5 16. Qf2 c5 0-1

[Event "4NCL Division 2c"]
[Site "Telford, ENG"]
[Date "2017.05.01"]
[Round "11.41"]
[White "Ortega, Irvin"]
[Black "Swindells, Jonathan E"]
[Result "1/2-1/2"]
[WhiteElo "2320"]
[BlackElo "2312"]
[PlyCount "53"]
[EventDate "2017.05.01"]
[WhiteTeam "Warwickshire Select 1"]
[BlackTeam "The ADs"]

1. d4 Nf6 2. c4 g6 3. Nc3 Bg7 4. e4 d6 5. Be2 O-O 6. g4 e5 7. d5 a5 8. Be3 Na6
9. g5 Nd7 10. h4 f5 11. gxf6 Nxf6 12. h5 gxh5 13. Bxh5 Nc5 14. Bf3 Bd7 15. Qe2
c6 16. Nh3 cxd5 17. cxd5 Qc8 18. Ng5 h6 19. Ne6 Bxe6 20. dxe6 Nxe6 21. O-O-O
Nd4 22. Rxd4 exd4 23. Bxd4 Qe6 24. Rg1 Kh8 25. Qe3 Ne8 26. Rh1 Kh7 27. e5
1/2-1/2

[Event "4NCL Division 2c"]
[Site "Telford, ENG"]
[Date "2017.05.01"]
[Round "11.42"]
[White "Richardson, John R"]
[Black "Pitcher, John"]
[Result "1-0"]
[WhiteElo "2282"]
[BlackElo "2222"]
[PlyCount "71"]
[EventDate "2017.05.01"]
[WhiteTeam "The ADs"]
[BlackTeam "Warwickshire Select 1"]

1. c4 c5 2. e3 e6 3. Nf3 Nf6 4. d4 d5 5. cxd5 exd5 6. Be2 Nc6 7. O-O Be7 8.
dxc5 Bxc5 9. a3 O-O 10. b4 Bb6 11. Bb2 Re8 12. Nd4 Ne5 13. Nd2 Bg4 14. h3 Bxe2
15. Qxe2 Ne4 16. Nxe4 dxe4 17. Nf5 Qf6 18. Ng3 Qg6 19. Rad1 Nd3 20. Ba1 Red8
21. Qg4 a5 22. b5 Bc5 23. a4 Re8 24. Rd2 Rad8 25. Rfd1 Bb4 26. Rc2 Nc5 27. Rxd8
Rxd8 28. Bd4 Nxa4 29. Rc8 Rf8 30. Qd7 b6 31. Rc6 f6 32. Rc7 Nc5 33. Qd5+ Kh8
34. Nf5 Qe8 35. Nxg7 Qb8 36. Qc6 1-0

[Event "4NCL Division 2c"]
[Site "Telford, ENG"]
[Date "2017.05.01"]
[Round "11.43"]
[White "Stepanyan, Henrik"]
[Black "Snape, Ian L"]
[Result "1/2-1/2"]
[WhiteElo "2192"]
[BlackElo "2282"]
[PlyCount "81"]
[EventDate "2017.05.01"]
[WhiteTeam "Warwickshire Select 1"]
[BlackTeam "The ADs"]

1. d4 c5 2. d5 g6 3. Nf3 d6 4. e4 Nf6 5. Nc3 Bg7 6. h3 O-O 7. Be2 e6 8. O-O
exd5 9. exd5 Na6 10. Bf4 Nc7 11. a4 Re8 12. Bh2 b6 13. Nd2 Bb7 14. Nc4 Nfxd5
15. Nxd6 Bxc3 16. Nxe8 Nxe8 17. bxc3 Nxc3 18. Qd3 Qf6 19. Qe3 Nd6 20. Bxd6
Nxe2+ 21. Qxe2 Qxd6 22. Rfe1 Qd5 23. f3 Qd4+ 24. Qe3 Qc4 25. a5 b5 26. a6 Bc6
27. Qe7 b4 28. Kh1 Qxc2 29. Rec1 Qd3 30. Qxc5 Bxf3 31. gxf3 Qxf3+ 32. Kh2 Rd8
33. Ra2 Qf4+ 34. Kg2 Rd3 35. Rf2 Qg3+ 36. Kf1 Qxh3+ 37. Ke2 Rd8 38. Qe3 Qh5+
39. Kf1 Qh1+ 40. Ke2 Qh5+ 41. Kf1 1/2-1/2

[Event "4NCL Division 2c"]
[Site "Telford, ENG"]
[Date "2017.05.01"]
[Round "11.44"]
[White "Wheeler, Darren P"]
[Black "Mason, Donald J"]
[Result "1/2-1/2"]
[WhiteElo "2260"]
[BlackElo "2147"]
[PlyCount "30"]
[EventDate "2017.05.01"]
[WhiteTeam "The ADs"]
[BlackTeam "Warwickshire Select 1"]

1. e4 c5 2. f4 d5 3. Nc3 d4 4. Nce2 e5 5. d3 Nc6 6. Nf3 Bd6 7. g3 Nge7 8. Bg2
f6 9. O-O Be6 10. fxe5 Bxe5 11. Nf4 Bxf4 12. gxf4 Qc7 13. c4 dxc3 14. bxc3 Rd8
15. Qe2 O-O 1/2-1/2

[Event "4NCL Division 2c"]
[Site "Telford, ENG"]
[Date "2017.05.01"]
[Round "11.45"]
[White "Shephard, Chris C W"]
[Black "Anderton, David W"]
[Result "1/2-1/2"]
[WhiteElo "2187"]
[BlackElo "2125"]
[PlyCount "28"]
[EventDate "2017.05.01"]
[WhiteTeam "Warwickshire Select 1"]
[BlackTeam "The ADs"]

1. e4 e6 2. d3 d5 3. Nd2 c5 4. Ngf3 Nc6 5. c3 Nf6 6. Be2 Be7 7. O-O O-O 8. Re1
b6 9. a3 dxe4 10. dxe4 Bb7 11. Qc2 Qc7 12. Nf1 h6 13. Ng3 Rfd8 14. Bd2 Bf8
1/2-1/2

[Event "4NCL Division 2c"]
[Site "Telford, ENG"]
[Date "2017.05.01"]
[Round "11.46"]
[White "Bailey, Kevin J"]
[Black "Brooks, Phil J"]
[Result "1/2-1/2"]
[WhiteElo "2095"]
[BlackElo "2187"]
[PlyCount "61"]
[EventDate "2017.05.01"]
[WhiteTeam "The ADs"]
[BlackTeam "Warwickshire Select 1"]

1. e4 e6 2. d4 d5 3. Nd2 Nf6 4. e5 Nfd7 5. Bd3 c5 6. c3 b6 7. Nh3 Ba6 8. Bxa6
Nxa6 9. O-O Nc7 10. Re1 Be7 11. Qg4 g6 12. Nf1 h6 13. Nf4 Nf8 14. Be3 c4 15.
Nd2 b5 16. a3 a5 17. b3 Qd7 18. bxc4 bxc4 19. a4 h5 20. Qd1 Qc6 21. Qc2 Rg8 22.
Nh3 Nd7 23. Bg5 Bxg5 24. Nxg5 Kf8 25. Nf1 Kg7 26. Ng3 Rh8 27. h4 Rab8 28. Reb1
Rxb1+ 29. Rxb1 Nb6 30. Ra1 Qd7 31. Ne2 1/2-1/2

[Event "4NCL Division 2c"]
[Site "Telford, ENG"]
[Date "2017.05.01"]
[Round "11.47"]
[White "Fallowfield, Jeremy R"]
[Black "Ahluwalia, Amardip"]
[Result "1/2-1/2"]
[WhiteElo "2155"]
[BlackElo "2065"]
[PlyCount "87"]
[EventDate "2017.05.01"]
[WhiteTeam "Warwickshire Select 1"]
[BlackTeam "The ADs"]

1. e4 e5 2. Nf3 Nc6 3. Bb5 a6 4. Ba4 Nf6 5. d3 b5 6. Bb3 Bc5 7. O-O d6 8. c3
Bb6 9. Re1 O-O 10. h3 Ne7 11. Nbd2 Ng6 12. Nf1 h6 13. Ng3 Be6 14. d4 Qe8 15.
Be3 Rb8 16. Nh2 Qc8 17. Qf3 Nh4 18. Qe2 Ng6 19. Qf3 Nh4 20. Qe2 Ng6 21. Bc2 Re8
22. Nh5 Qd8 23. Qf3 Nxh5 24. Qxh5 Qf6 25. Rad1 Nf4 26. Qf3 g5 27. Ng4 Bxg4 28.
hxg4 Qe7 29. g3 Ng6 30. Kg2 Kg7 31. Qf5 Qe6 32. Bb3 Qf6 33. Rh1 Rh8 34. Rh5 Ne7
35. Qxf6+ Kxf6 36. Rdh1 Kg7 37. f4 f6 38. Rf1 Rbf8 39. Rhh1 Ng6 40. Kf3 exf4
41. gxf4 gxf4 42. Bxf4 Nxf4 43. Kxf4 c5 44. Ke3 1/2-1/2

[Event "4NCL Division 2c"]
[Site "Telford, ENG"]
[Date "2017.03.05"]
[Round "8.12"]
[White "Pitcher, John"]
[Black "Stewart, Joseph J"]
[Result "1/2-1/2"]
[WhiteElo "2222"]
[BlackElo "2146"]
[PlyCount "144"]
[EventDate "2017.03.05"]
[WhiteTeam "Warwickshire Select 1"]
[BlackTeam "West is Best 1"]

1. e4 c5 2. Nf3 Nc6 3. b3 d6 4. Bb2 e5 5. Bc4 Be7 6. Nc3 Nf6 7. d3 a6 8. a4 O-O
9. Nd2 Be6 10. Bxe6 fxe6 11. O-O Qe8 12. f4 exf4 13. Rxf4 Qg6 14. Nf1 Ne5 15.
Ne2 Nh5 16. Rxf8+ Rxf8 17. h3 Bf6 18. Bxe5 Bxe5 19. c3 Nf4 20. Nxf4 Rxf4 21. d4
cxd4 22. cxd4 Bf6 23. e5 dxe5 24. dxe5 Bxe5 25. Ra2 Bd4+ 26. Kh1 Qf6 27. Nh2
Rf2 28. Rxf2 Bxf2 29. Ng4 Qd4 30. Nxf2 Qxf2 31. Qd7 Qf1+ 32. Kh2 Qf4+ 33. Kh1
Qc1+ 34. Kh2 Qc6 35. Qe7 h6 36. b4 Qd5 37. a5 e5 38. h4 e4 39. Kg1 Qd4+ 40. Kh2
Qd5 41. Kg1 Qd1+ 42. Kh2 Qd5 43. Kg1 Kh7 44. Kf2 Qd2+ 45. Kf1 Qf4+ 46. Ke2 e3
47. Qxe3 Qxb4 48. Qd3+ Kg8 49. Qd5+ Kf8 50. Qd8+ Kf7 51. Qd5+ Kf6 52. Kf3 Qb5
53. Qd8+ Kf7 54. Kg3 Qe5+ 55. Kh3 Qe6+ 56. Kh2 Qc6 57. Kh3 h5 58. Kh2 g6 59.
Kh3 Ke6 60. Qd3 Ke5 61. Kh2 Qd6 62. Qb3 Ke4+ 63. Kh1 Qc6 64. Qb4+ Kd5 65. Qf4
Kc5 66. Qg5+ Kb4 67. Kh2 Qe4 68. Kh1 Qf5 69. Qd8 Ka4 70. Kg1 Qxa5 71. Qd1+ Kb5
72. Qd3+ Ka4 1/2-1/2